<?xml version="1.0" encoding="UTF-8"?>
<record
    xmlns:xsi="http://www.w3.org/2001/XMLSchema-instance"
    xsi:schemaLocation="http://www.loc.gov/MARC21/slim http://www.loc.gov/standards/marcxml/schema/MARC21slim.xsd"
    xmlns="http://www.loc.gov/MARC21/slim">

  <leader>01756cam a22002893a 4500</leader>
  <controlfield tag="001">13112</controlfield>
  <controlfield tag="003">PGUSA</controlfield>
  <controlfield tag="005">20140828083301.0</controlfield>
  <controlfield tag="008">040804s2004||||xxu|||||s|||||000 | eng d</controlfield>
  <datafield tag="040" ind1=" " ind2=" ">
    <subfield code="a">PGUSA</subfield>
    <subfield code="b">eng</subfield>
  </datafield>
  <datafield tag="042" ind1=" " ind2=" ">
    <subfield code="a">dc</subfield>
  </datafield>
  <datafield tag="050" ind1=" " ind2="4">
    <subfield code="a">DA</subfield>
  </datafield>
  <datafield tag="245" ind1="1" ind2="0">
    <subfield code="a">Speeches from the Dock, Part I :</subfield>
    <subfield code="b">Or, Protests of Irish Patriotism Speeches delivered after conviction by Theobald Wolfe Tone, William Orr, the brothers Sheares, Robert Emmet, John Martin, William Smith O'Brien, Thomas Francis Meagher, Terence Bellew McManus, John Mitchel, Thomas C. Luby, John O'Leary, Charles J. Kickham, Colonel Thomas F. Burke, and Captain Mackay</subfield>
    <subfield code="h">[electronic resource]</subfield>
  </datafield>
  <datafield tag="260" ind1=" " ind2=" ">
    <subfield code="b">Project Gutenberg,</subfield>
    <subfield code="c">2004</subfield>
  </datafield>
  <datafield tag="505" ind1="0" ind2=" ">
    <subfield code="a">Theobald Wolfe Tone -- William Orr -- Henry and John Sheares -- Robert Emmet -- Thomas Russell -- John Mitchel -- John Martin -- W.S. O'Brien -- Thomas Francis Meagher -- Kevin Izod O'Doherty -- Terence Bellew M'Manus -- Thomas Clarke Luby -- John O'Leary -- Jeremiah O'Donovan (Rossa) -- Bryan Dillon, John Lynch, and Others -- Charles Joseph Kickham -- General Thomas F. Burke -- Captain John M'Afferty -- Edward Duffy -- Stephen Joseph Meany -- Captain John M'Clure -- Edward Kelly -- Captain William Mackay.</subfield>
  </datafield>
  <datafield tag="506" ind1=" " ind2=" ">
    <subfield code="a">Public domain in the USA.</subfield>
  </datafield>
  <datafield tag="516" ind1=" " ind2=" ">
    <subfield code="a">Electronic text</subfield>
  </datafield>
  <datafield tag="653" ind1=" " ind2=" ">
    <subfield code="a">Ireland -- Politics and government -- 20th century</subfield>
  </datafield>
  <datafield tag="653" ind1=" " ind2=" ">
    <subfield code="a">Ireland -- Biography</subfield>
  </datafield>
  <datafield tag="653" ind1=" " ind2=" ">
    <subfield code="a">Ireland -- Politics and government -- 19th century</subfield>
  </datafield>
  <datafield tag="700" ind1="1" ind2=" ">
    <subfield code="a">Sullivan, D. B.</subfield>
    <subfield code="q">(Denis Baylor),</subfield>
    <subfield code="d">-1909</subfield>
  </datafield>
  <datafield tag="700" ind1="1" ind2=" ">
    <subfield code="a">Sullivan, T. D.</subfield>
    <subfield code="q">(Timothy Daniel),</subfield>
    <subfield code="d">1827-1914</subfield>
  </datafield>
  <datafield tag="700" ind1="1" ind2=" ">
    <subfield code="a">Sullivan, A.M.</subfield>
    <subfield code="q">(Alexander Martin),</subfield>
    <subfield code="d">1830-1884</subfield>
  </datafield>
  <datafield tag="830" ind1=" " ind2="0">
    <subfield code="a">Project Gutenberg</subfield>
    <subfield code="v">13112</subfield>
  </datafield>
  <datafield tag="856" ind1="4" ind2="0">
    <subfield code="u">http://www.gutenberg.org/ebooks/13112</subfield>
  </datafield>
  <datafield tag="942" ind1=" " ind2=" ">
    <subfield code="c">EB</subfield>
  </datafield>
  <datafield tag="999" ind1=" " ind2=" ">
    <subfield code="c">242367</subfield>
    <subfield code="d">242367</subfield>
  </datafield>
  <datafield tag="952" ind1=" " ind2=" ">
    <subfield code="0">0</subfield>
    <subfield code="1">0</subfield>
    <subfield code="4">0</subfield>
    <subfield code="a">GTB</subfield>
    <subfield code="b">GTB</subfield>
    <subfield code="d">2014-08-28</subfield>
    <subfield code="l">0</subfield>
    <subfield code="r">2014-08-28 00:00:00</subfield>
    <subfield code="w">2014-08-28</subfield>
    <subfield code="y">EB</subfield>
  </datafield>
</record>
